000
00297nam a22001337a 4500
008
170401b xxu||||| |||| 00| 0 eng d
020
_a
0870411055
041
_a
eng
080
_2
10TH
_a
617
100
_a
8
101
_a
SHM
245
_a
GENERAL OPHTHALMOLOGY
_c
VAUGHAN, D
942
_2
udc
_c
BK
999
_c
9384
_d
9384